PISTAS 2° EIA - Statistics

Estatísticas Gerais
  • Esse quiz foi jogado 239 vezes
  • A pontuação média é 10 de 19
Respostas no mapa
Respostas codificadas por cores de uma escala verde-vermelha no mapa do quiz de acordo com a % correta abaixo.
 
Estatísticas das Respostas
Resposta % Correto
Tambaú
81%
Vargem Grande do Sul
81%
Araras
78%
Leme
78%
Chifre
72%
Fazenda Monte Cristo
59%
São José do Rio Pardo
59%
Usina Cresciumal
59%
Casa Branca
53%
Jacuba
50%
Laranjal
44%
Mococa
44%
Abengoa
34%
Caiapó
34%
Fazenda Amália
34%
Santa Rita do Passa Quatro (Ademar Ribeiro)
34%
São João da Boa Vista
34%
Fazenda do Retiro
31%
Fazenda Boa Vista Rocheto
28%
Nenhum quiz correspondente encontrado
Distribuição das Pontuações
Porcentagem de Pessoas com Cada Pontuação
Percentil de Números Respondidos
Sua Pontuação Histórica
Você não jogou esse quiz